Polish Football Legends - Statistics

General Stats
  • This quiz has been taken 121 times
  • The average score is 8 of 12
Answer Stats
Picture Answer % Correct
Lewandowski
100%
Dudek
96%
Blaszczykowski
93%
Boniek
89%
Piszczek
89%
Deyna
87%
Lato
81%
Smolarek
47%
Szarmach
34%
Lubanski
30%
Gorgon
16%
Szymanowski
6%
No matching quizzes found
Score Distribution
Percent of People with Each Score
Percentile by Number Answered
Your Score History
You have not taken this quiz